000 01677naa a22003257a 4500
001 BR8403295
003 BR-BrBNA
005 20240918175432.0
007 ta
008 230509b bl.||||| |||| 00| 0 por d
040 _aBR-BrBNA
_bpor
_cBiblioteca Nacional de Agricultura
041 _a(Pt)
072 _aE70
_b0430
_b0150
_b1410
_b0120
_b0336
_b0180
_bG514
090 _aE70 BR8403295
100 1 _aVasconcelos, A.A. de
111 1 _a22. Congresso Brasileiro de Economia e Sociologia Rural
_cSalvador, BA (Brazil)
_d30 Jul-3 Aug 1984
245 1 _aAnalise das distorcoes dos precos domesticos em relacao aos precos de fronteira. Um estudo preliminar [comercializacao, algodao, Gossypium hirsutum, arroz, Oryza sativa, feijao, Phaseolus vulgaris, milho, Zea mays, soja, Glycine max, trigo, Triticum aestivum, Brasil]
260 3 _aBrasilia, DF (Brasil):
_c1984.
500 _aVeiga, A.; Contini, E.; Hoyos, L.E.A.; Hoeflich, V.A. (eds.) Anais do 22. Congresso Brasileiro de Economia e Sociologia Rural. Agricultura - Rumos e ajustamentos, v. 2 - Grupos de discussao Brasilia, DF (Brasil): 1984. p. 1-21 (BR8403295-AM)E70
650 _aCOMERCIALIZACAO
650 _aALGODAO
650 _aARROZ
650 _aFEIJAO
650 _aMILHO
650 _aSOJA
650 _aTRIGO
773 0 _tAnais do 22. Congresso Brasileiro de Economia e Sociologia Rural. Agricultura - Rumos e ajustamentos, v. 2 - Grupos de discussao
_aVeiga, A.; Contini, E.; Hoyos, L.E.A.; Hoeflich, V.A. (eds.). Sociedade Brasileira de Economia Rural, Brasilia, DF (Brasil)
_wE70 BR8403295
_gBrasilia, DF (Brasil), 1984. p. 1-21
909 _a202404
_bLucia
_c55
_dLucia Elande
942 _cAM
_2AGRIS
999 _c316701
_d316701